000 00665cam a22002293a 4500
001 19447
003 PGUSA
005 20140828083419.0
008 061003s2006||||xxu|||||s|||||000 | eng d
040 _aPGUSA
_beng
042 _adc
050 4 _aHS
100 1 _aPike, Albert,
_d1809-1891
245 1 0 _aMorals and Dogma of the Ancient and Accepted Scottish Rite of Freemasonry
_h[electronic resource] /
_cAlbert Pike
260 _bProject Gutenberg,
_c2006
506 _aPublic domain in the USA.
516 _aElectronic text
653 _aFreemasons
830 0 _aProject Gutenberg
_v19447
856 4 0 _uhttp://www.gutenberg.org/ebooks/19447
942 _cEB
999 _c248702
_d248702